[Event "Tournoi francophone 018D"]
[Site "Skype"]
[Date "????.??.??"]
[Round "6.3"]
[White "Sequeda Pimiento, Javier Ricardo"]
[Black "Duthoit, Bernard"]
[Result "0-1"]
[WhiteElo "1433"]
[BlackElo "1317"]
[PlyCount "86"]

1. e4 e6 2. d4 d5 3. e5 c5 4. c3 Nc6 5. Bb5 Bd7 6. Nf3 Nxe5 7. Bxd7+ Nxd7 8.
Qa4 cxd4 9. cxd4 Bd6 10. Nc3 a6 11. Bg5 Ne7 12. O-O b5 13. Qb3 O-O 14. Rac1 Rc8
15. Bxe7 Bxe7 16. a3 Bf6 17. Rfe1 Qb6 18. Qb4 Rc4 19. Qb3 Bxd4 20. Nxd4 Qxd4
21. Ne2 Rxc1 22. Rxc1 Qd2 23. Kf1 Nb6 24. Rd1 Qh6 25. h3 Rc8 26. Qb4 e5 27. Qe7
Qe6 28. Qh4 d4 29. Rd3 f6 30. Qe4 Nc4 31. Nxd4 Qe8 32. Nf5 Rd8 33. Rg3 Nd2+ 34.
Ke2 Nxe4 35. Rxg7+ Kh8 36. Ra7 Qg6 37. g4 Qg5 38. Ne3 Rd2+ 39. Ke1 Rxf2 40.
Ra8+ Kg7 41. Nf5+ Rxf5 42. gxf5 Qxf5 43. Ra7+ Kh6 0-1

[Event "Tournoi francophone 018D"]
[Site "Skype"]
[Date "????.??.??"]
[Round "6.4"]
[White "Ibanez, Bittor"]
[Black "L'Herbon De Lussats, Jean"]
[Result "0-1"]
[WhiteElo "1054"]
[BlackElo "1249"]
[PlyCount "128"]

1. e4 c5 2. Nf3 d6 3. Bb5+ Nc6 4. c3 a6 5. Bxc6+ bxc6 6. d4 cxd4 7. Nxd4 Bb7 8.
Bg5 c5 9. Qa4+ Qd7 10. Qxd7+ Kxd7 11. Nf3 Bxe4 12. Nbd2 Bb7 13. c4 h6 14. Be3
Nf6 15. O-O-O g5 16. Nb3 Rb8 17. Nxc5+ Kc7 18. Na4 Nd7 19. Bd4 f6 20. Ba7 Ra8
21. Be3 Bg7 22. Nd4 Nf8 23. Nf5 Rh7 24. Nxe7 Bh8 25. Bb6+ Kb8 26. Nd5 Nd7 27.
Bc7+ Ka7 28. Bxd6 Rc8 29. Nc7 Bc6 30. Nc5 Nxc5 31. Bxc5+ Kb7 32. Nd5 Be8 33.
Rhe1 Bh5 34. f3 Rxc5 35. Re7+ Rxe7 36. Nxe7 Rxc4+ 37. Kb1 g4 38. f4 g3 39. Rd7+
Kb6 40. hxg3 f5 41. Rd6+ Kb5 42. Rxh6 Be2 43. Rd6 Rd4 44. Nxf5 Bd3+ 45. Kc1
Bxf5 46. Rxd4 Bxd4 47. b3 Kb4 48. g4 Bxg4 49. Kc2 Bf5+ 50. Kd2 Be4 51. g4 Bb1
52. f5 Bxa2 53. Kd3 Bf6 54. Ke4 Bxb3 55. Kf4 a5 56. g5 Bd4 57. Ke4 Kc3 58. f6
a4 59. Kf5 a3 60. Kg6 a2 61. f7 Bxf7+ 62. Kxf7 a1=Q 63. g6 Qf1+ 64. Kg8 Qf6 0-1

[Event "Tournoi francophone 018D"]
[Site "Skype"]
[Date "????.??.??"]
[Round "6.5"]
[White "De Coninck, Philippe"]
[Black "Scata, Laura"]
[Result "0-1"]
[WhiteElo "1197"]
[BlackElo "1366"]
[PlyCount "70"]

1. e4 c6 2. Nf3 d5 3. Nc3 dxe4 4. Nxe4 Bf5 5. Ng3 Bg4 6. h3 Bxf3 7. Qxf3 Nf6 8.
Bc4 e6 9. O-O Bd6 10. Ne4 Nxe4 11. Qxe4 O-O 12. d3 Nd7 13. Qe2 b5 14. Bb3 a5
15. a4 Nc5 16. axb5 Nxb3 17. cxb3 cxb5 18. Bd2 Qb6 19. Rfc1 Bc5 20. Be3 Bxe3
21. Qxe3 Qb7 22. Qd2 b4 23. Rc5 Qb6 24. Rac1 Qb7 25. Qc2 h6 26. Rc7 Qb8 27. Qc6
Ra7 28. Rc8 Rxc8 29. Qxc8+ Qxc8 30. Rxc8+ Kh7 31. Kf1 Kg6 32. Rc5 a4 33. Rb5 a3
34. bxa3 bxa3 35. Rb4 a2 0-1

[Event "Tournoi francophone 018D"]
[Site "Skype"]
[Date "????.??.??"]
[Round "7.1"]
[White "Scata, Laura"]
[Black "Le Bouill, Pierre"]
[Result "1-0"]
[WhiteElo "1366"]
[BlackElo "1260"]
[PlyCount "61"]

1. d4 Nf6 2. Nf3 d5 3. e3 c6 4. c4 e6 5. Nc3 Nbd7 6. Bd3 h6 7. O-O Be7 8. Qc2
O-O 9. b3 Bd6 10. e4 e5 11. exd5 exd4 12. Nxd4 Ne5 13. dxc6 Nxd3 14. Qxd3 bxc6
15. Rd1 Qc7 16. h3 Re8 17. Kf1 Bb7 18. Be3 Bf4 19. Bxf4 Qxf4 20. Qf3 Qc7 21. c5
Rad8 22. Rac1 a6 23. Na4 Re4 24. Qc3 Nd5 25. Qd3 Rde8 26. Nc3 Nxc3 27. Qxc3 Qh2
28. Nf3 Qc7 29. Re1 Qe7 30. Rxe4 Qxe4 31. Re1 1-0

[Event "Tournoi francophone 018D"]
[Site "Skype"]
[Date "????.??.??"]
[Round "7.2"]
[White "L'Herbon De Lussats, Jean"]
[Black "De Coninck, Philippe"]
[Result "1/2-1/2"]
[WhiteElo "1249"]
[BlackElo "1197"]
[PlyCount "78"]

1. c4 c6 2. Nc3 Nf6 3. d4 d5 4. cxd5 cxd5 5. Bf4 Nc6 6. Nf3 Bf5 7. g3 e6 8. Bg2
Bb4 9. O-O Bxc3 10. bxc3 Rc8 11. Nh4 Ne7 12. Nxf5 Nxf5 13. Qb3 Qb6 14. Rfc1
Qxb3 15. axb3 a6 16. f3 O-O 17. e4 dxe4 18. fxe4 Ne7 19. Bd6 Rfe8 20. e5 Nc6
21. exf6 Red8 22. Be5 Nxe5 23. dxe5 Rc5 24. Bxb7 Rxe5 25. fxg7 Kxg7 26. b4 Rd2
27. Bxa6 Rh5 28. h4 e5 29. Ra5 f6 30. Re1 Rh6 31. Be2 Rg6 32. g4 Rc2 33. Ra7+
Kh8 34. Rc7 Rg8 35. Bd3 Rxg4+ 36. Kf1 Rf4+ 37. Kg1 Rg4+ 38. Kf1 Rf4+ 39. Kg1
Rg4+ 1/2-1/2

[Event "Tournoi francophone 018D"]
[Site "Skype"]
[Date "????.??.??"]
[Round "7.3"]
[White "Duthoit, Bernard"]
[Black "Ibanez, Bittor"]
[Result "1-0"]
[WhiteElo "1317"]
[BlackElo "1054"]
[PlyCount "109"]

1. e4 c5 2. Nf3 e6 3. c3 d6 4. d4 cxd4 5. cxd4 Be7 6. Nc3 a6 7. Bd3 Nc6 8. O-O
Nf6 9. h3 O-O 10. b3 b5 11. Bb2 Bb7 12. Qc2 Nb4 13. Qb1 e5 14. dxe5 Nxd3 15.
Qxd3 dxe5 16. Qxd8 Raxd8 17. Nxe5 Rd2 18. Rab1 Bd6 19. Nf3 Rd3 20. e5 Bxe5 21.
Nxe5 Rd2 22. Rfd1 Rfd8 23. Nf3 Bxf3 24. gxf3 Nh5 25. Rxd2 Rxd2 26. Rd1 Rxd1+
27. Nxd1 Nf4 28. Kh2 g5 29. Ne3 Nd3 30. Bf6 Nxf2 31. Bxg5 Kg7 32. h4 Kg6 33.
Nd5 h5 34. Nc7 f6 35. Be3 Nd1 36. Bd2 Nb2 37. Nxa6 Nd3 38. Nc7 Ne5 39. f4 Nf3+
40. Kg3 Nxd2 41. Nxb5 Kf5 42. a4 Ne4+ 43. Kf3 Nd2+ 44. Ke3 Nxb3 45. Nd4+ Nxd4
46. Kxd4 Kxf4 47. a5 f5 48. a6 Kg4 49. a7 Kxh4 50. a8=Q Kg4 51. Ke3 f4+ 52. Kf2
h4 53. Qf3+ Kg5 54. Qh3 f3 55. Kxf3 1-0

[Event "Tournoi francophone 018D"]
[Site "Skype"]
[Date "????.??.??"]
[Round "7.4"]
[White "Bucherie, Volcy"]
[Black "Sequeda Pimiento, Javier Ricardo"]
[Result "0-1"]
[WhiteElo "1274"]
[BlackElo "1433"]
[PlyCount "62"]

1. d4 Nf6 2. c4 g6 3. g3 Bg7 4. Bg2 O-O 5. e3 d6 6. Ne2 e5 7. d5 e4 8. Nbc3 Bf5
9. O-O Nbd7 10. Nd4 Bg4 11. f3 exf3 12. Nxf3 Ne5 13. b3 Nh5 14. e4 Nxf3+ 15.
Bxf3 Bh3 16. Bxh5 Bxc3 17. Rb1 Bxf1 18. Kxf1 gxh5 19. Qxh5 Qf6+ 20. Bf4 Be5 21.
Ke2 Bxf4 22. gxf4 Qxf4 23. Rf1 Qxe4+ 24. Kd2 Qd4+ 25. Kc2 Qg7 26. Qh3 Rae8 27.
Kd1 Qa1+ 28. Kc2 Re2+ 29. Kd3 Qe5 30. Qg4+ Kh8 31. Rf5 Qe3# 0-1

[Event "Tournoi francophone 018D"]
[Site "Skype"]
[Date "????.??.??"]
[Round "7.5"]
[White "Farfallini, Michel"]
[Black "Rivalta, Paolo"]
[Result "0-1"]
[WhiteElo "1404"]
[BlackElo "1142"]
[PlyCount "72"]

1. d4 Nf6 2. c4 d6 3. Nc3 Bf5 4. Nf3 Nbd7 5. g3 e5 6. dxe5 dxe5 7. Bg2 e4 8.
Ng5 Bb4 9. O-O Bxc3 10. bxc3 h6 11. Nh3 O-O 12. Nf4 Qe7 13. Qb3 Nb6 14. Ba3 c5
15. Qb5 Rac8 16. f3 e3 17. Nd3 Bxd3 18. exd3 Qd8 19. Rfd1 a6 20. Qb3 Re8 21.
Qc2 Rc6 22. Bf1 Rce6 23. Be2 Nh5 24. Bxc5 Nd7 25. Bb4 Qg5 26. d4 Nf4 27. c5 Nf6
28. Bc4 e2 29. Bxe6 exd1=Q+ 30. Rxd1 Rxe6 31. c4 Re2 32. Qc1 Nh3+ 33. Kf1 Rf2+
34. Ke1 Qf5 35. Rd2 Qe6+ 36. Kd1 Rf1+ 0-1

[Event "Tournoi francophone 018D"]
[Site "Skype"]
[Date "????.??.??"]
[Round "8.1"]
[White "Le Bouill, Pierre"]
[Black "Rivalta, Paolo"]
[Result "0-1"]
[WhiteElo "1260"]
[BlackElo "1142"]
[PlyCount "70"]

1. Nf3 d5 2. g3 Nc6 3. e3 e5 4. d3 e4 5. dxe4 dxe4 6. Qxd8+ Nxd8 7. Nfd2 f5 8.
b3 Bb4 9. Bb2 Ne6 10. Bh3 Nh6 11. c3 Bc5 12. b4 Bd6 13. Nc4 Be7 14. Nbd2 g5 15.
f4 exf3 16. O-O-O g4 17. Bf1 Bd7 18. Bd3 O-O-O 19. Ne5 Ba4 20. Bc2 Bxc2 21.
Kxc2 Bf6 22. Nec4 Nf7 23. h3 Nfg5 24. hxg4 fxg4 25. Rh4 h5 26. Rhh1 Nh3 27. Ne4
Rxd1 28. Rxd1 Rf8 29. a4 Neg5 30. Nxg5 Bxg5 31. Bc1 f2 32. Nd2 Bxe3 33. Rf1
Bxd2 34. Kxd2 Rf3 35. Bb2 Rxg3 0-1

[Event "Tournoi francophone 018D"]
[Site "Skype"]
[Date "????.??.??"]
[Round "8.2"]
[White "Sequeda Pimiento, Javier Ricardo"]
[Black "Farfallini, Michel"]
[Result "1-0"]
[WhiteElo "1433"]
[BlackElo "1404"]
[PlyCount "27"]

1. e4 e5 2. Nf3 Nc6 3. Bc4 Be7 4. d4 Nf6 5. dxe5 Nxe4 6. Bxf7+ Kxf7 7. Qd5+ Ke8
8. Qxe4 b6 9. O-O h6 10. Qg6+ Kf8 11. Nc3 Bb7 12. Rd1 Bc5 13. e6 Ne7 14. Qf7#
1-0

[Event "Tournoi francophone 018D"]
[Site "Skype"]
[Date "????.??.??"]
[Round "8.4"]
[White "De Coninck, Philippe"]
[Black "Duthoit, Bernard"]
[Result "0-1"]
[WhiteElo "1197"]
[BlackElo "1317"]
[PlyCount "78"]

1. e4 e6 2. d4 d5 3. Nc3 Bb4 4. Bd2 Bxc3 5. Bxc3 dxe4 6. Bc4 Nf6 7. Ne2 O-O 8.
O-O Nc6 9. Re1 Nd5 10. Bxd5 exd5 11. h3 Ne7 12. Bb4 c6 13. Rc1 Re8 14. c4 Be6
15. Nf4 Qd7 16. cxd5 cxd5 17. Bxe7 Rxe7 18. Re3 Rc8 19. Rec3 Rc6 20. Rxc6 bxc6
21. Qc2 Qd6 22. Nxe6 Rxe6 23. Qc5 Qxc5 24. Rxc5 f5 25. Ra5 f4 26. Kf1 Re7 27.
Ra6 Rc7 28. Ke2 Kf7 29. b4 Ke7 30. a4 Kd7 31. f3 e3 32. Ra5 Kc8 33. Rc5 Kb7 34.
a5 a6 35. Kd3 g5 36. Rc1 h5 37. Rh1 h4 38. Ke2 Kc8 39. Ke1 Rb7 0-1

[Event "Tournoi francophone 018D"]
[Site "Skype"]
[Date "????.??.??"]
[Round "8.5"]
[White "Scata, Laura"]
[Black "L'Herbon De Lussats, Jean"]
[Result "1/2-1/2"]
[WhiteElo "1366"]
[BlackElo "1249"]
[PlyCount "101"]

1. d4 Nf6 2. Nf3 g6 3. e3 b6 4. Bd3 Bb7 5. Nbd2 Bg7 6. e4 e6 7. e5 Nd5 8. Be4
Nc6 9. c3 d6 10. Qb3 dxe5 11. Bxd5 exd5 12. dxe5 Nxe5 13. Nxe5 Bxe5 14. O-O O-O
15. Re1 Re8 16. Nf3 Bg7 17. Bg5 Qc8 18. Rad1 c5 19. h3 c4 20. Qc2 b5 21. a3 a5
22. Nd4 Qd7 23. Re2 b4 24. Rde1 b3 25. Qd2 a4 26. Re3 Rxe3 27. fxe3 Re8 28. Qf2
Re4 29. Kf1 h6 30. Bf6 g5 31. Bxg7 Kxg7 32. Ke2 g4 33. h4 Kg6 34. g3 f5 35. Rf1
Bc8 36. Kd2 Qf7 37. Kd1 Qf6 38. Kd2 Qe5 39. Nc6 Qd6 40. Nd4 Qf6 41. Kd1 h5 42.
Kd2 f4 43. exf4 Bf5 44. Re1 Rxe1 45. Qxe1 Bd3 46. Qe6 Qxe6 47. Nxe6 Kf5 48.
Ng7+ Kg6 49. Ne6 Kf5 50. Ng7+ Kg6 51. Ne6 1/2-1/2

[Event "Tournoi francophone 018D"]
[Site "Skype"]
[Date "????.??.??"]
[Round "9.1"]
[White "L'Herbon De Lussats, Jean"]
[Black "Le Bouill, Pierre"]
[Result "1-0"]
[WhiteElo "1249"]
[BlackElo "1260"]
[PlyCount "71"]

1. c4 f5 2. d4 e6 3. Nc3 c6 4. e4 fxe4 5. Nxe4 Nf6 6. Ng5 h6 7. N5f3 d5 8. cxd5
exd5 9. Ne5 Qa5+ 10. Bd2 Bb4 11. Ngf3 Bf5 12. a3 Bxd2+ 13. Nxd2 Nbd7 14. b4 Qb6
15. Nb3 Qc7 16. Qe2 O-O 17. f4 b6 18. Qe3 Be4 19. Nd2 Bf5 20. Bd3 Bxd3 21. Qxd3
Ne4 22. O-O Ndf6 23. Ng6 Rfe8 24. Rae1 Kh7 25. f5 Ng4 26. g3 a5 27. Nxe4 dxe4
28. Rxe4 Nf6 29. Re6 Rxe6 30. fxe6 axb4 31. axb4 c5 32. bxc5 bxc5 33. d5 Qb6
34. Ne5+ Kh8 35. Nc4 Qd6 36. Nxd6 1-0

[Event "Tournoi francophone 018D"]
[Site "Skype"]
[Date "????.??.??"]
[Round "9.2"]
[White "Duthoit, Bernard"]
[Black "Scata, Laura"]
[Result "0-1"]
[WhiteElo "1317"]
[BlackElo "1366"]
[PlyCount "80"]

1. e4 c6 2. d4 d5 3. exd5 cxd5 4. Nc3 Nc6 5. Nf3 Bg4 6. Be2 e6 7. h3 Bh5 8. Nh2
Bxe2 9. Qxe2 Nxd4 10. Qd3 Nc6 11. O-O Nf6 12. Re1 Be7 13. Nf3 O-O 14. Ne2 Bd6
15. Ng3 Bxg3 16. fxg3 Qc7 17. c4 dxc4 18. Qxc4 Rfd8 19. Bg5 Qb6+ 20. Kh2 Rd7
21. Bxf6 gxf6 22. Qc3 e5 23. Re4 Rad8 24. Rg4+ Kh8 25. Qc2 Rg8 26. Rh4 Rg7 27.
Rh6 Rg6 28. Rh4 Qd8 29. Re4 Qg8 30. Qf2 h5 31. Rh4 Rh6 32. g4 Qg6 33. gxh5 Rxh5
34. g4 Rxh4 35. Qxh4+ Kg7 36. Qf2 Rd8 37. Rg1 Rh8 38. Nh4 Qh7 39. Nf5+ Kg6 40.
Qc2 Qxh3# 0-1

[Event "Tournoi francophone 018D"]
[Site "Skype"]
[Date "????.??.??"]
[Round "9.3"]
[White "Bucherie, Volcy"]
[Black "De Coninck, Philippe"]
[Result "0-1"]
[WhiteElo "1274"]
[BlackElo "1197"]
[PlyCount "66"]

1. Nf3 c6 2. d4 d5 3. Bf4 e6 4. e3 Nf6 5. Bd3 Nbd7 6. O-O Be7 7. c3 Nh5 8. Be5
f6 9. Bf4 Nxf4 10. exf4 Qc7 11. Re1 Nf8 12. Nbd2 Qxf4 13. g3 Qc7 14. Nh4 g6 15.
Ndf3 Bd7 16. Qd2 g5 17. Nf5 exf5 18. Rxe7+ Kxe7 19. Re1+ Be6 20. Bxf5 Kd7 21.
Ne5+ fxe5 22. Rxe5 Bxf5 23. Rxf5 Re8 24. Rf7+ Re7 25. Rf5 Ne6 26. h4 gxh4 27.
gxh4 Rg8+ 28. Kf1 Qh2 29. Qh6 Rg1+ 30. Ke2 Nxd4+ 31. Kd3 Rd1+ 32. Qd2 Rxd2+ 33.
Kxd2 Nxf5 0-1

[Event "Tournoi francophone 018D"]
[Site "Skype"]
[Date "????.??.??"]
[Round "9.4"]
[White "Farfallini, Michel"]
[Black "Ibanez, Bittor"]
[Result "1-0"]
[WhiteElo "1404"]
[BlackElo "1054"]
[PlyCount "57"]

1. e4 c5 2. Nf3 a6 3. d4 cxd4 4. Qxd4 Nc6 5. Qd2 e5 6. Bc4 Nf6 7. Ng5 d5 8.
exd5 Na5 9. Bb3 Nxb3 10. axb3 h6 11. Nf3 Bd6 12. c4 Bg4 13. Qd3 Bxf3 14. Qxf3
e4 15. Qe2 Qc7 16. g3 O-O 17. Nc3 Rfe8 18. Be3 Bb4 19. Qc2 Ng4 20. Bf4 Qc5 21.
O-O e3 22. fxe3 Rxe3 23. Kh1 Bxc3 24. Qf5 Nf2+ 25. Rxf2 Re1+ 26. Rxe1 Bxe1 27.
Rf1 Re8 28. Bd6 Qf2 29. Rxf2 1-0

[Event "Tournoi francophone 018D"]
[Site "Skype"]
[Date "????.??.??"]
[Round "9.5"]
[White "Rivalta, Paolo"]
[Black "Sequeda Pimiento, Javier Ricardo"]
[Result "1-0"]
[WhiteElo "1142"]
[BlackElo "1433"]
[PlyCount "63"]

1. e4 e5 2. Bc4 Be7 3. Nf3 Nc6 4. d4 exd4 5. Nxd4 d6 6. Qf3 Ne5 7. Qb3 Nxc4 8.
Qxc4 Nf6 9. Nc3 c5 10. Nf3 Be6 11. Qb5+ Qd7 12. Qd3 O-O 13. O-O d5 14. Ne5 Qd6
15. Bf4 dxe4 16. Qe3 Qd4 17. Rfe1 Qxe3 18. Bxe3 Nd5 19. Nxe4 Nxe3 20. Rxe3 f5
21. Nc3 Rad8 22. Ng6 hxg6 23. Rxe6 Bf6 24. Rae1 Kf7 25. R6e2 b6 26. Nb5 Bxb2
27. Nc7 Rd7 28. Ne6 Rg8 29. Ng5+ Kf6 30. f4 Bd4+ 31. Kh1 Rh8 32. Re6# 1-0